Texty ke studiu soukromého práva římského /

Další autoři: Sommer, Otakar, 1885-1940
Jazyk: Latina
Vydáno: V Praze : nákladem vlastním, 1932
Témata:
Externí odkaz: Digitalizovaný dokument
Fyzický popis: xlviii, 262 s. ; 21 cm
Language note: Latinský text
Knihy
Uloženo v:
LEADER 01399nam a22003732a 4500
001 001289562
003 CZ BrMZK
005 20260318121711.0
007 ta
008 130424s1932 xr er|||||||||||lat d
015 |a cnb000938957 
020 |q (Brož.) 
035 |a (OCoLC)85518648 
040 |a ABA001  |b cze  |c PNA001  |d ABA001  |d BOA001 
072 7 |a 34  |x Právo  |2 Konspekt  |9 16 
080 |a 340.15  |2 MRF 
080 |a (094)  |2 MRF 
080 |a (0:82-9)  |2 MRF 
245 0 0 |a Texty ke studiu soukromého práva římského /  |c uspořádal Otakar Sommer 
260 |a V Praze :  |b nákladem vlastním,  |c 1932 
300 |a xlviii, 262 s. ;  |c 21 cm 
546 |a Latinský text 
650 0 7 |a římské právo  |7 ph128319  |2 czenas 
655 7 |a dokumenty  |7 fd132064  |2 czenas 
655 7 |a texty  |7 fd133699  |2 czenas 
700 1 |a Sommer, Otakar,  |d 1885-1940  |7 jk01120417  |4 com 
856 4 1 |u http://www.digitalniknihovna.cz/mzk/uuid/uuid:d83c4d60-746f-11e4-b2f6-005056827e51  |y Digitalizovaný dokument  |x NDK 
910 |a BOA001  |b 2-0139.255 
928 9 |a O. Sommer 
990 |a BK 
991 |b 201304 
996 6 |b 2619551822  |c 2-0139.255  |l MZK  |r Sklad / do 24 hodin  |n 1  |w 001324257  |u 000030  |a 1  |e BOA001  |j MZK50  |s P 
996 7 |b 2619551823  |c 2-0139.255  |l MZK  |r Sklad / do 24 hodin  |n 0  |w 001324257  |u 000020  |a 1  |e BOA001  |j MZK50  |s A 
996 7 |b 2619551824  |c 2-0139.255  |l MZK  |r Sklad / do 24 hodin  |n 2  |w 001324257  |u 000010  |a 1  |e BOA001  |j MZK50  |s A